[Event "Attica-ch U16"]
[Site "Peristeri"]
[Date "2012.04.17"]
[Round "1"]
[White "Kalodoukas, Odysseas"]
[Black "Prinos, Vasilios"]
[Result "1-0"]
[WhiteElo "1776"]
[BlackElo "1424"]
[PlyCount "93"]
[EventDate "2012.04.17"]
[EventType "swiss"]
[EventRounds "7"]
[EventCountry "GRE"]
[SourceTitle "EXT 2024"]
[Source "ChessBase"]
[SourceDate "2023.10.10"]
[SourceVersion "1"]
[SourceVersionDate "2023.10.10"]
[SourceQuality "1"]

1. d4 d5 2. c4 c6 3. Nc3 Nf6 4. Nf3 e6 5. Bg5 Be7 6. e3 0-0 7. Qc2 Nbd7 8. cxd5 Nxd5 9. Bxe7 Qxe7 10. a3 N7f6 11. Bd3 g6 12. 0-0 c5 13. Nxd5 Nxd5 14. Qxc5 Qxc5 15. dxc5 Bd7 16. Rac1 Rfc8 17. Ne5 Be8 18. Be4 Rc7 19. Bxd5 exd5 20. Rfd1 f6 21. Nf3 Bf7 22. Rc3 Rac8 23. Rdc1 Kf8 24. Nd4 a6 25. Kf1 Ke7 26. Ke1 Be8 27. Kd2 f5 28. b4 Ba4 29. Ne2 Ke6 30. Nf4+ Ke5 31. Nd3+ Ke6 32. Nb2 Bc6 33. Kc2 Rd8 34. Rd1 g5 35. Rd4 Rcd7 36. g3 Rg7 37. Kb3 h5 38. a4 g4 39. Nd3 Rh7 40. Nf4+ Ke5 41. Rcd3 Rh6 42. Rd1 Rh7 43. Rh1 Kf6 44. h3 Ke5 45. hxg4 fxg4 46. Rxh5+ Rxh5 47. Nxh5 1-0

[Event "Athens Smaok op"]
[Site "Athens"]
[Date "2010.11.04"]
[Round "5.11"]
[White "Prinos, Vasilios"]
[Black "Kastrinakis, Vasilios"]
[Result "1-0"]
[WhiteElo "1005"]
[BlackElo "1005"]
[PlyCount "93"]
[EventDate "2010.09.30"]
[EventType "swiss"]
[EventRounds "7"]
[EventCountry "GRE"]
[SourceTitle "EXT 2024"]
[Source "ChessBase"]
[SourceDate "2023.10.10"]
[SourceVersion "1"]
[SourceVersionDate "2023.10.10"]
[SourceQuality "1"]

1. e4 h6 2. d4 a6 3. Nf3 Nf6 4. Nc3 Nc6 5. d5 Na7 6. Bf4 e6 7. Bc4 Be7 8. 0-0 0-0 9. Qd2 c6 10. dxc6 Nxc6 11. Bd3 d5 12. e5 Nh7 13. Bxh6 f6 14. exf6 Rxf6 15. Bg5 Nxg5 16. Nxg5 Rh6 17. Bh7+ Kf8 18. Qf4+ Bf6 19. Rfe1 e5 20. Qf3 Nd4 21. Qg3 Nxc2 22. Rxe5 Nxa1 23. Qf4 Qd6 24. Re8+ Kxe8 25. Qxd6 Bxg5 26. Bg6+ Rxg6 27. Qxg6+ Kf8 28. Qxg5 Be6 29. Nxd5 Bxd5 30. Qxd5 Re8 31. Qd1 Nc2 32. Qf3+ Kg8 33. h4 Nd4 34. Qd5+ Ne6 35. Qxb7 Nc5 36. Qc6 Re5 37. Qc7 Rd5 38. Qc8+ Kh7 39. Qg4 g6 40. Qf4 Rd7 41. g4 Nd3 42. Qf6 Nc5 43. h5 Rg7 44. hxg6+ Rxg6 45. Qf7+ Rg7 46. Qh5+ Kg8 47. g5 1-0